000
00294nam a22001337a 4500
008
181012b xxu||||| |||| 00| 0 eng d
020
_a
9780781781572
041
_a
eng
080
_a
610.73
100
_a
2
101
_a
INF
245
_a
Fundamentals of Nursing
_c
Taylor, C
942
_2
udc
_c
BK
999
_c
49522
_d
49522